000 00883nam a2200241 4500
999 _c65458
_d65458
005 20240530110825.0
008 190805s2006 ua g b 000 0 ara d
017 _a2003/17686
_bمصر. دار الكتب
020 _a9770909963
040 _aEG-CaGPL
_cEG-CaGPL
082 0 4 _221
_a243/
_bط ل
100 0 _aطه جابر العلوانى
245 1 0 _aلا اكراه فى الدين :
_cطه جابر العلوانى
_bاشكالية الردة والمرتدين من صدر الاسلام الى اليوم /
250 _aط.2
260 _aالقاهرة :
_bمكتبة الشروق الدولية،
_c2006.
300 _a198 ص. ؛
_c24 سم.
650 0 7 _2qrmak
_aالردة
650 0 7 _2qrmak
_aاحكام المرتدين
650 0 7 _2qrmak
_aجرائم ضد الدين
651 _2qrmak
942 _2ddc
_cBK